Production Technology (Record no. 35739)
[ view plain ]
| 000 -LEADER | |
|---|---|
| fixed length control field | 00350 a2200145 4500 |
| 008 - FIXED-LENGTH DATA ELEMENTS--GENERAL INFORMATION | |
| fixed length control field | 230427b |||||||| |||| 00| 0 eng d |
| 020 ## - INTERNATIONAL STANDARD BOOK NUMBER | |
| International Standard Book Number | 9768657443532 |
| 100 ## - MAIN ENTRY--PERSONAL NAME | |
| Personal name | Jain R.K. |
| 245 ## - TITLE STATEMENT | |
| Title | Production Technology |
| 250 ## - EDITION | |
| Edition | 2023 |
| 260 ## - PUBLICATION, DISTRIBUTION, ETC. (IMPRINT) | |
| Place of publication, distribution, etc | New Delhi |
| Name of publisher, distributor, etc | S Chand |
| Date of publication, distribution, etc | 2023 |
| 300 ## - PHYSICAL DESCRIPTION | |
| Extent | 345 |
| 650 ## - SUBJECT | |
| Subject | Production |
| -- | Engineering |
| 942 ## - ADDED ENTRY ELEMENTS (KOHA) | |
| Koha item type | BOOK |
| 100 ## - MAIN ENTRY--PERSONAL NAME | |
| -- | 1 |
| 650 ## - SUBJECT | |
| -- | 2 |
| Withdrawn status | Lost status | Source of classification or shelving scheme | Damaged status | Not for loan | Koha collection | Location (home branch) | Sublocation or collection (holding branch) | Date acquired | Source of acquisition | Cost, normal purchase price | Koha issues (times borrowed) | Piece designation (barcode) | Koha date last seen | Cost, replacement price | Price effective from | Koha item type |
|---|---|---|---|---|---|---|---|---|---|---|---|---|---|---|---|---|
| Dewey Decimal Classification | AFT | Fr. Agnel's C.Rodrigues- College of Engineering | Fr. Agnel's C.Rodrigues- College of Engineering | 27/04/2023 | 3 | 600.00 | TEST2 | 27/04/2023 | 750.00 | 27/04/2023 | BOOK |